| 000 | 00330nam a22001217a 4500 | ||
|---|---|---|---|
| 999 |
_c2807 _d2807 |
||
| 005 | 20200924132316.0 | ||
| 008 | 200924b ||||| |||| 00| 0 eng d | ||
| 020 | _a25527 | ||
| 040 | _cCML | ||
| 245 | _aThe Word Book Encyclopedia: C. | ||
| 260 |
_aLondon _bField Enterprises Educational Corporation _c1966 |
||
| 942 |
_2ddc _cBK _eVolume 3 |
||